[Event "RUS-ch (Women) 1st League 58th"]
[Site "Smolensk"]
[Date "2008.02.29"]
[Round "3"]
[White "Kuular, Valeria"]
[Black "Karavaeva, Nadezhda"]
[Result "1-0"]
[WhiteElo "2122"]
[BlackElo "1938"]
[PlyCount "73"]
[EventDate "2008.02.27"]
[EventType "swiss"]
[EventRounds "9"]
[EventCountry "RUS"]
[SourceTitle "CBM 123 Extra"]
[Source "ChessBase"]
[SourceDate "2008.05.06"]
[SourceVersion "1"]
[SourceVersionDate "2008.05.06"]
[SourceQuality "1"]

1. e4 c5 2. Nc3 d6 3. f4 g6 4. Nf3 Bg7 5. Bc4 Nf6 6. d3 Nc6 7. a4 0-0 8. 0-0 Bd7 9. h3 a6 10. g4 Na5 11. Qe1 Nxc4 12. dxc4 Rb8 13. f5 Bc6 14. Nd5 b5 15. axb5 axb5 16. Nxf6+ Bxf6 17. cxb5 Rxb5 18. c3 Rb7 19. h4 Qc8 20. Rf2 Rd8 21. Rh2 Rbd7 22. h5 Qb7 23. hxg6 fxg6 24. Ng5 Bxg5 25. Bxg5 Re8 26. fxg6 e5 27. gxh7+ Rxh7 28. Bh6 Bxe4 29. Qe3 Bg6 30. Qg5 Qe4 31. Re2 Qd3 32. Re3 Qc2 33. Rf3 Rf7 34. Rf6 Rg7 35. Bxg7 Kxg7 36. Ra7+ Kh8 37. Qh6+ 1-0